01389nam a22003737a 4500003000500000005001700005008004100022010000900063011000900072035000900081040000900090090001000099100003900109245014000148260004000288300001900328500001200347502007700359590003700436590004100473590004100514590004100555590004200596650004200638650004400680650003300724650003400757650002400791901000700815942001000822949004100832999001500873952012700888CHAP20220329133109.0971013s1989 r 00010 d a2103 a3075 a2275 cCHAP aTesis00aParedes Moreno, Victoriano.985522 aContribución del crédito FIRA para disminuir la descarga de excretas de cerdo al Río Lerma (un estudio en la Piedad, Michaocán) aChapingo, Méx. :bEl Autor,c1989 a57 h.b: ilus. aD44-135 aTesis (Ing. Agr. Esp. en Fitotecnia) -- UACH. Departamento de Fitotecnia aALEPHb10c20130110lUCH01h1211 aBATCH-UPDb10c20130110lUCH01h1648 aBATCH-UPDb10c20130410lUCH01h1038 aBATCH-UPDb10c20130914lUCH01h1103 aCONVERSIONb10c20130109lUCH01h130214aAguaxContaminacionxMichoacan.9235714aCrédito ganaderoxMichoacán.92911314aEstiércol de cerdo.93832314aFinanzasxMichoacán.94094214aRío Lerma.999120 aBK cTESIS bBCcTESd-11775eTS1h24081i2275si c2103d2103 00102local4051708TESISaBCbBCcPA_TESISd2019-12-31fTESISl0oTesisp-11775r2019-12-31 00:00:00w2019-12-31yTESIS